Normal view MARC view
  • TE-38/TCC-13

Entry Geographic Name

Number of records used in: 1

001 - CONTROL NUMBER

  • control field: 131334

003 - CONTROL NUMBER IDENTIFIER

  • control field: NUST

005 - DATE AND TIME OF LATEST TRANSACTION

  • control field: 20251021131232.0

008 - FIXED-LENGTH DATA ELEMENTS

  • fixed length control field: 251021|| aca||aabn | a|a d

040 ## - CATALOGING SOURCE

  • Original cataloging agency: NUST
  • Transcribing agency: NUST

151 ## - HEADING--GEOGRAPHIC NAME

  • Geographic name: TE-38/TCC-13

670 ## - SOURCE DATA FOUND

  • Source citation: Work cat.: (NUST)183358: Akram, Faisal Capt (TE-38/ TCC13) 131333, Trellis coded modulation implementation on FPGA /, 2005
© 2023 Central Library, National University of Sciences and Technology. All Rights Reserved.